Bandera de Oceanía Aleatoria al País - Estadísticas

Estadísticas generales
  • Esta prueba ha sido intentada 4.374 veces
  • La puntuación promedio es 5 de 6
Estadísticas de respuestas
Imagen Respuesta % Correcto
Nueva Zelanda
91%
Australia
90%
Tonga
88%
Palaos
86%
Papua Nueva Guinea
84%
Fiyi
83%
Estados Federados de Micronesia
82%
Kiribati
80%
Samoa
78%
Nauru
73%
Islas Marshall
72%
Vanuatu
71%
Tuvalu
69%
Islas Salomón
64%
No se encontraron pruebas coincidentes
Distribución de puntuación
Porcentaje de gente con cada puntuación
Porcentaje por número respondido
Historial de tus puntuaciones
No has intentado esta prueba.